| 000 | 00922nam a22002657a 4500 | ||
|---|---|---|---|
| 999 |
_c11682 _d11682 |
||
| 003 | AR-CdUCM | ||
| 008 | 190404b ||||| |||| 00| 0 spa d | ||
| 020 | _a968-29-0259-2 | ||
| 040 |
_aMUNICIPALIDAD PROVINCIAL DEL CUSCO _cBIBLIOTECA MUNICIPAL DEL CUSCO |
||
| 082 |
_aEP / 371.628 / _bH12 _24ed. |
||
| 110 |
_aCONAFE _929163 |
||
| 245 | _a¿Qué Hacer con la Basura? / | ||
| 260 |
_aMéxico : _bRegina de Los Ángeles S. A. ; _c1987. |
||
| 300 |
_a47 páginas ; _bIlustraciones _c21cm |
||
| 505 | _a Contenido: Tratamiento de la basura | ||
| 650 |
_aEducación primaria _91561 |
||
| 650 |
_aCiudad _915909 |
||
| 650 |
_aBasura _929164 |
||
| 650 |
_aProblemas ambientales _929165 |
||
| 700 |
_aArone Huamaní, Ricardo _929151 |
||
| 710 |
_aDirección de Educación Intercultural Bilingüe-DEIB-Ministerio de Educación _929152 |
||
| 710 |
_aUNICEF _99438 |
||
| 942 |
_2ddc _cLIBROS |
||
| 945 |
_anom _d2019-04-04 |
||